Entry Personal Name
Number of records used in: 1
001 - CONTROL NUMBER
003 - CONTROL NUMBER IDENTIFIER
005 - DATE AND TIME OF LATEST TRANSACTION
- control field:
20230926110735.0
008 - FIXED-LENGTH DATA ELEMENTS
- fixed length control field:
800801n| acannaab| |a aaa |||
010 ## - LIBRARY OF CONGRESS CONTROL NUMBER
- LC control number:
n 80076580
040 ## - CATALOGING SOURCE
- Original cataloging agency:
DLC
- Transcribing agency:
DLC
- Modifying agency:
DLC
100 10 - HEADING--PERSONAL NAME
- Personal name:
Milton, J. Susan
- Fuller form of name:
(Janet Susan)
400 10 - SEE FROM TRACING--PERSONAL NAME
- Personal name:
Milton, J. S.
- Fuller form of name:
(Janet Susan)
400 10 - SEE FROM TRACING--PERSONAL NAME
- Control subfield:
nna
- Personal name:
Milton, Janet Susan
670 ## - SOURCE DATA FOUND
- Source citation:
Her Probability theory ... 1976.
670 ## - SOURCE DATA FOUND
- Source citation:
Her Statistical methods in the biological and health sciences, c1983:
- Information found:
CIP t.p. (J.S. Milton, Ph. D.; prof. of statistics, Radford Univ.)
670 ## - SOURCE DATA FOUND
- Source citation:
Myers, R.H. A first course in the theory of linear statistical models, c1991:
- Information found:
CIP t.p. (Janet S. Milton)